| 000 | 00576nam a2200205 a 4500 | ||
|---|---|---|---|
| 005 | 20140310183619.0 | ||
| 008 | 121030s19uu xx 00 eng d | ||
| 020 | _a9780313380396 | ||
| 050 |
_aTK 105.888 _b.St76 2011 |
||
| 100 | _aStolley, Karl | ||
| 245 |
_aHow to design and write web pages today / _cKarl Stolley. |
||
| 260 |
_aSanta Barbara, Calif : _bGreenwood, _c2011. |
||
| 300 |
_a305 p. : _bill. ; _c25 cm. |
||
| 440 | _aWriting today | ||
| 500 | _aIncludes index | ||
| 521 | _aIT | ||
| 650 |
_aWeb sites _xDesign |
||
| 942 |
_cBK _2lcc _kFOR |
||
| 999 |
_c25363 _d25363 |
||